| 000 | 00364nam a22001457a 4500 | ||
|---|---|---|---|
| 003 | macl | ||
| 005 | 20190917151043.0 | ||
| 008 | 190917b xxu||||| |||| 00| 0 eng d | ||
| 040 | _cmacl | ||
| 100 |
_aGarg,Manoj _976678 |
||
| 245 | _aGreat Stories By Nobel Prize Winners | ||
| 260 |
_aDelhi _bDolphin Books _c2018 |
||
| 650 |
_aStories _976679 |
||
| 942 |
_2ddc _cBK |
||
| 999 |
_c61021 _d61021 |
||